000
00199 a2200097 4500
001
48605
100
_a
245
_a
Conference across continent
260
_a
_b
Macmillan
_c
090
_c
31532
_d
31532
942
_a
NUST-CAE
_c
M
_c
23928
999
_c
283678
_d
283678